[Event "tm FRA 1st"]
[Site "France"]
[Date "1999.??.??"]
[Round "6"]
[White "Duquesnoy, Jean-Philippe"]
[Black "Lopez, Jorge"]
[Result "1-0"]
[WhiteElo "2166"]
[BlackElo "2189"]
[Annotator "Avignon-Caissa"]
[PlyCount "78"]
[EventDate "1999.??.??"]

1. Nf3 Nf6 2. g3 g6 3. Bg2 Bg7 4. c4 O-O 5. O-O d6 6. d4 c6 7. Nc3 Nbd7 8. h3
e5 9. e4 Re8 10. Qc2 Qc7 11. Be3 exd4 12. Nxd4 a5 13. a3 Nc5 14. b4 axb4 15.
axb4 Rxa1 16. Rxa1 Ne6 17. Nb3 h6 18. Qd2 Kh7 19. Rd1 Qe7 20. Kh2 Ng5 21. Qxd6
Qxd6 22. Rxd6 Ng4+ 23. hxg4 Bxc3 24. Bd2 Bxd2 25. Nxd2 Bxg4 26. f4 Ne6 27. c5
Ra8 28. Nc4 Nf8 29. Na5 Kg7 30. Kg1 h5 31. Kf2 Be6 32. Ke3 Kf6 33. Bh3 Ke7 34.
f5 gxf5 35. exf5 Bd7 36. Rh6 Ke8 37. Rxh5 Rb8 38. Nc4 Ra8 39. Rh8 Ke7 1-0

[Event "tm FRA 1st"]
[Site "France"]
[Date "1999.??.??"]
[Round "6"]
[White "Wolrich, Charles"]
[Black "Barret, Simon"]
[Result "1-0"]
[WhiteElo "2161"]
[BlackElo "2099"]
[Annotator "Caissa-Avignon"]
[PlyCount "89"]
[EventDate "1999.??.??"]

1. d4 Nf6 2. c4 c5 3. d5 b5 4. cxb5 a6 5. bxa6 Bxa6 6. Nc3 d6 7. Nf3 g6 8. g3
Bg7 9. Bh3 Nbd7 10. O-O Nb6 11. Re1 O-O 12. e4 Nfd7 13. Bxd7 Qxd7 14. e5 Bb7
15. exd6 exd6 16. Bg5 Rfe8 17. Qd2 Qg4 18. Nh4 Nc4 19. Qf4 Qxf4 20. Bxf4 Nxb2
21. Nb5 Nd3 22. Rxe8+ Rxe8 23. Rd1 Nxf4 24. gxf4 Bf8 25. Ng2 Ra8 26. Rd2 Ra5
27. Nc3 Ra3 28. Ne4 Ra4 29. f3 Kg7 30. Kf2 h6 31. f5 Be7 32. Ne3 Bf8 33. Rb2
Ba6 34. f6+ Kg8 35. Kg3 Ra3 36. Rb6 Rxa2 37. Nxd6 Bxd6+ 38. Rxd6 Bd3 39. Rd8+
Kh7 40. Rf8 Rd2 41. Rxf7+ Kh8 42. Rb7 Kg8 43. Ng4 Re2 44. Nxh6+ Kf8 45. f7 1-0

[Event "tm FRA 1st"]
[Site "France"]
[Date "1999.??.??"]
[Round "6"]
[White "Piquemal, Christiane"]
[Black "Chaude de Silans, Chantal"]
[Result "1/2-1/2"]
[WhiteElo "2050"]
[BlackElo "1900"]
[Annotator "Avignon-Caissa"]
[PlyCount "63"]
[EventDate "1999.??.??"]

1. d4 Nf6 2. c4 c5 3. d5 e6 4. Nc3 exd5 5. cxd5 d6 6. e4 g6 7. Bg5 Bg7 8. Bd3
a6 9. Nge2 b5 10. O-O O-O 11. Qd2 Re8 12. Ng3 Nbd7 13. Rae1 Ne5 14. Be2 Qb6 15.
h3 Nc4 16. Bxc4 bxc4 17. f4 h6 18. Bh4 Nh7 19. Nh1 f5 20. e5 dxe5 21. d6 g5 22.
d7 Bxd7 23. Qxd7 gxh4 24. Re2 Qe6 25. Qc7 e4 26. Qxc5 Rad8 27. Qa5 Nf6 28. Nf2
Rd4 29. Nfd1 Nh5 30. Rc2 Ng3 31. Re1 Red8 32. Kh2 1/2-1/2

[Event "tm FRA 1st"]
[Site "France"]
[Date "1999.??.??"]
[Round "7"]
[White "Kallai, Gabor"]
[Black "Tkachiev, Vladislav"]
[Result "1/2-1/2"]
[WhiteElo "2525"]
[BlackElo "2634"]
[Annotator "Strasbourg-Cannes"]
[PlyCount "81"]
[EventDate "1999.??.??"]

1. d4 g6 2. c4 Bg7 3. Nc3 Nf6 4. e4 d6 5. Be2 O-O 6. Bg5 a6 7. Qd3 b6 8. Nf3 c5
9. dxc5 bxc5 10. e5 dxe5 11. Qxd8 Rxd8 12. Nxe5 Bb7 13. Bf3 Bxf3 14. Nxf3 Nc6
15. Rd1 Ne8 16. Na4 Rxd1+ 17. Kxd1 Nd6 18. b3 Ne4 19. Be3 Nb4 20. Nd2 Nxd2 21.
Kxd2 Rd8+ 22. Ke2 Nxa2 23. Bxc5 Rb8 24. Nb6 f5 25. f3 Bh6 26. Kf2 Nc1 27. b4
Nd3+ 28. Ke2 Nxb4 29. Ra1 e6 30. Ra4 Nc6 31. Rxa6 Rd8 32. Be3 Bxe3 33. Kxe3 Nb4
34. Ra7 e5 35. Nd7 Nc2+ 36. Kf2 Kf7 37. Nxe5+ Ke6 38. f4 Rd2+ 39. Kf1 Ne3+ 40.
Ke1 Rxg2 41. Rxh7 1/2-1/2

[Event "tm FRA 1st"]
[Site "France"]
[Date "1999.??.??"]
[Round "7"]
[White "Godena, Michele"]
[Black "Roos, Daniel"]
[Result "1/2-1/2"]
[WhiteElo "2552"]
[BlackElo "2425"]
[Annotator "Cannes-Strasbourg"]
[PlyCount "120"]
[EventDate "1999.??.??"]

1. e4 c6 2. d4 d5 3. Nc3 dxe4 4. Nxe4 Bf5 5. Ng3 Bg6 6. Bc4 e6 7. N1e2 Nf6 8.
O-O Bd6 9. f4 Qc7 10. f5 Bxf5 11. Nxf5 exf5 12. Rxf5 Bxh2+ 13. Kh1 Bd6 14. Bh6
Rg8 15. Nf4 Qd7 16. Qd3 Na6 17. Re1+ Kd8 18. Bxg7 Ng4 19. Nh5 Nb4 20. Qe4 Re8
21. Qxe8+ Qxe8 22. Rxe8+ Kxe8 23. Bxf7+ Ke7 24. Bb3 Re8 25. Nf6 Nxf6 26. Bxf6+
Kd7 27. Be5 Bxe5 28. dxe5 Nd5 29. Bxd5 cxd5 30. Rh5 Re7 31. Rh6 Ke8 32. Kg1 Kf8
33. Kf2 Kg7 34. Rd6 Rxe5 35. Rd7+ Kg6 36. Rxb7 d4 37. Rxa7 Rc5 38. Ra6+ Kf5 39.
Kf3 Rxc2 40. Ra5+ Ke6 41. Rb5 h5 42. g3 d3 43. Ke3 Rg2 44. Kxd3 Rxg3+ 45. Kc4
Rg4+ 46. Kb3 Rg3+ 47. Ka4 Rg4+ 48. b4 h4 49. Rb6+ Kf7 50. Rd6 Kg7 51. Ka5 h3
52. Rd1 Kf7 53. b5 Rg8 54. a4 Ra8+ 55. Kb4 Ke6 56. b6 h2 57. a5 Rh8 58. Rh1 Kd7
59. a6 Kc6 60. b7 Kc7 1/2-1/2

[Event "tm FRA 1st"]
[Site "France"]
[Date "1999.??.??"]
[Round "7"]
[White "Szabolcsi, Janos"]
[Black "Anic, Darko"]
[Result "0-1"]
[WhiteElo "2464"]
[BlackElo "2448"]
[Annotator "Strasbourg-Cannes"]
[PlyCount "104"]
[EventDate "1999.??.??"]

1. d4 Nf6 2. Nf3 d6 3. g3 Nbd7 4. Bg2 e5 5. c4 c6 6. O-O Be7 7. Nc3 O-O 8. e4
Re8 9. h3 a6 10. Re1 b5 11. c5 Bb7 12. cxd6 Bxd6 13. a3 c5 14. dxc5 Bxc5 15. b4
Ba7 16. Qb3 Rc8 17. Be3 Bxe3 18. Rxe3 Nb6 19. Rd1 Qc7 20. Nh2 Qc4 21. Qb1 Rcd8
22. Nf1 Rxd1 23. Qxd1 Qe6 24. Rd3 Nc4 25. Qb3 Qc8 26. Ne3 Nxe3 27. fxe3 Rd8 28.
Nd5 Bxd5 29. exd5 e4 30. Rd4 Qc7 31. g4 h6 32. Kf2 Qe5 33. Qd1 Rxd5 34. Rxd5
Nxd5 35. Qd4 Qxd4 36. exd4 e3+ 37. Ke1 Nc3 38. Bb7 g6 39. Bxa6 f5 40. gxf5 gxf5
41. Bc8 f4 42. Bg4 Kf7 43. Kf1 Ke7 44. h4 Kd6 45. Bf3 Ke6 46. Bc6 Kf5 47. Bf3
Nb1 48. Ke2 Nxa3 49. Kd3 Nc4 50. Bc6 Kg4 51. Bxb5 Nd6 52. Bc6 Kg3 0-1

[Event "tm FRA 1st"]
[Site "France"]
[Date "1999.??.??"]
[Round "7"]
[White "Chabanon, Jean-Luc"]
[Black "Roos, Jean-Luc"]
[Result "1-0"]
[WhiteElo "2468"]
[BlackElo "2321"]
[Annotator "Cannes-Strasbourg"]
[PlyCount "73"]
[EventDate "1999.??.??"]

1. d4 e6 2. e4 d5 3. Nd2 Nf6 4. e5 Nfd7 5. Bd3 c5 6. c3 Nc6 7. Ngf3 Qb6 8. O-O
g6 9. dxc5 Qc7 10. Bb5 Bg7 11. Nd4 Ndxe5 12. N2b3 O-O 13. Bf4 Bd7 14. Re1 f6
15. Bg3 Qc8 16. Qe2 Re8 17. f4 Nf7 18. Nxc6 bxc6 19. Ba6 Qc7 20. c4 e5 21. fxe5
fxe5 22. cxd5 cxd5 23. Rad1 Qc6 24. a4 Qxa4 25. Bb7 Bg4 26. Qd3 e4 27. Qxd5
Bxd1 28. Qxd1 Rad8 29. Qc2 e3 30. c6 Rd2 31. Qxd2 exd2 32. Rxe8+ Bf8 33. Nxd2
Qd4+ 34. Kf1 Qxd2 35. c7 Qd1+ 36. Re1 Qd3+ 37. Kg1 1-0

[Event "tm FRA 1st"]
[Site "France"]
[Date "1999.??.??"]
[Round "7"]
[White "Roos, Louis"]
[Black "Peric, Slavisa"]
[Result "0-1"]
[WhiteElo "2388"]
[BlackElo "2300"]
[Annotator "Strasbourg-Cannes"]
[PlyCount "44"]
[EventDate "1999.??.??"]

1. c4 e5 2. Nc3 Nc6 3. g3 Nf6 4. Bg2 Bc5 5. Nf3 d6 6. d3 h6 7. a3 a5 8. O-O O-O
9. Bd2 Re8 10. Ne1 Bf5 11. Nd5 a4 12. e4 Bd7 13. Nc2 Nd4 14. Be3 Bg4 15. f3
Nxd5 16. Bxd4 Bxd4+ 17. Kh1 Bxb2 18. exd5 Bxa1 19. fxg4 Bd4 20. Be4 Bc5 21. h4
g6 22. Kg2 Kg7 0-1

[Event "tm FRA 1st"]
[Site "France"]
[Date "1999.??.??"]
[Round "7"]
[White "Rainfray, Arnaud"]
[Black "Maier, Christian"]
[Result "1/2-1/2"]
[WhiteElo "2322"]
[BlackElo "2352"]
[Annotator "Cannes-Strasbourg"]
[PlyCount "66"]
[EventDate "1999.??.??"]

1. e4 e6 2. d4 d5 3. Nc3 Bb4 4. Nge2 Ne7 5. a3 Ba5 6. e5 Nf5 7. Ng3 O-O 8. Nxf5
exf5 9. b4 Bb6 10. g3 a5 11. Rb1 axb4 12. axb4 Nc6 13. Ne2 f4 14. b5 f3 15.
bxc6 fxe2 16. Bxe2 bxc6 17. O-O c5 18. dxc5 Ba5 19. Qd4 c6 20. Bd3 Bh3 21. Rd1
Qe7 22. Bd2 Bxd2 23. Rxd2 Ra5 24. Qb4 Rxc5 25. Rdd1 g6 26. Ra1 d4 27. Re1 Re8
28. e6 Bxe6 29. Qxd4 Rd8 30. Qb4 Qd6 31. Red1 Rd5 32. Qxd6 R5xd6 33. Re1 c5
1/2-1/2

[Event "tm FRA 1st"]
[Site "France"]
[Date "1999.??.??"]
[Round "7"]
[White "Harovelo, Ingmar"]
[Black "Sorin, Maxime"]
[Result "1/2-1/2"]
[WhiteElo "2295"]
[BlackElo "2208"]
[Annotator "Strasbourg-Cannes"]
[PlyCount "86"]
[EventDate "1999.??.??"]

1. Nf3 Nf6 2. g3 d5 3. Bg2 Bf5 4. c4 c6 5. b3 e6 6. Bb2 Be7 7. d3 O-O 8. O-O h6
9. Nbd2 Bh7 10. Qc2 Nbd7 11. Rac1 Rc8 12. Qb1 b5 13. Qa1 a5 14. Rfe1 Nc5 15.
Ne5 Ncd7 16. cxb5 Nxe5 17. Bxe5 Bb4 18. Bc3 Ba3 19. Bb2 Bb4 20. Bc3 Ba3 21. Bb2
Bb4 22. Rc2 cxb5 23. Rec1 Qd7 24. Nf3 Rxc2 25. Rxc2 Rc8 26. Ne5 Qb7 27. Qc1
Rxc2 28. Qxc2 Bd6 29. Qc6 Qxc6 30. Nxc6 Bc7 31. Bc3 b4 32. Be5 Bb6 33. Bd4 Bc7
34. Bh3 Kf8 35. Kf1 Ke8 36. Ke1 Kd7 37. Ne5+ Bxe5 38. Bxe5 Ne8 39. Bd4 Kc6 40.
Kd2 Bg8 41. e4 f6 42. f4 Nc7 43. Bg4 Nb5 1/2-1/2

[Event "tm FRA 1st"]
[Site "France"]
[Date "1999.??.??"]
[Round "7"]
[White "Levacic, Damir"]
[Black "Mensch, Etienne"]
[Result "1-0"]
[WhiteElo "2295"]
[BlackElo "2249"]
[Annotator "Cannes-Strasbourg"]
[PlyCount "67"]
[EventDate "1999.??.??"]

1. Nf3 Nf6 2. d4 c5 3. d5 b5 4. c4 bxc4 5. Nc3 d6 6. e4 g6 7. Bxc4 Bg7 8. O-O
Nbd7 9. h3 O-O 10. Re1 Qb6 11. Qd3 Ne8 12. a4 a5 13. Ra3 Ba6 14. Nb5 Bxb5 15.
Bxb5 Qa7 16. Bxd7 Qxd7 17. Nd2 Nc7 18. Nc4 Rfb8 19. Bd2 Na6 20. Bxa5 Nb4 21.
Qd2 Ra6 22. Rea1 Qa7 23. Bxb4 Rxb4 24. Qc2 Rxc4 25. Qxc4 Bxb2 26. R1a2 Bxa3 27.
Rxa3 Rb6 28. a5 Rb4 29. Qe2 c4 30. a6 Rb3 31. Ra2 Rb4 32. Qe3 Rb6 33. Kh2 h5
34. Qxb6 1-0

[Event "tm FRA 1st"]
[Site "France"]
[Date "1999.??.??"]
[Round "7"]
[White "Chapelle, Emilie"]
[Black "Bramme, Emmanuelle"]
[Result "1/2-1/2"]
[WhiteElo "2011"]
[BlackElo "2049"]
[Annotator "Strasbourg-Cannes"]
[PlyCount "80"]
[EventDate "1999.??.??"]

1. d4 d5 2. c4 e6 3. Nc3 Nf6 4. cxd5 exd5 5. Bg5 Be7 6. e3 c6 7. Qc2 O-O 8. Bd3
Nbd7 9. Nge2 Re8 10. O-O Nf8 11. f3 Be6 12. Rad1 Rc8 13. a3 a6 14. Bh4 Ng6 15.
Bf2 c5 16. dxc5 Bxc5 17. Bxg6 hxg6 18. Qd2 Qc7 19. Rc1 Qe5 20. Nd4 Bd7 21. Rfe1
g5 22. g4 Ba7 23. Bg3 Qe7 24. h3 b5 25. Kf2 b4 26. axb4 Qxb4 27. Kg2 Rc4 28.
Bf2 Rec8 29. Rh1 Qb7 30. b3 R4c5 31. Nce2 Rxc1 32. Rxc1 Ne8 33. Rxc8 Bxc8 34.
Qa5 Bb6 35. Qc3 Nd6 36. Bg3 Bxd4 37. Nxd4 Nb5 38. Nxb5 axb5 39. Qe5 f6 40. Qe8+
Kh7 1/2-1/2

[Event "tm FRA 1st"]
[Site "France"]
[Date "1999.??.??"]
[Round "7"]
[White "Khenkin, Igor"]
[Black "David, Alberto"]
[Result "1/2-1/2"]
[WhiteElo "2641"]
[BlackElo "2533"]
[Annotator "Nancy-Chess XV"]
[PlyCount "45"]
[EventDate "1999.??.??"]

1. d4 Nf6 2. c4 g6 3. Nc3 Bg7 4. e4 d6 5. f3 O-O 6. Nge2 c5 7. d5 e6 8. Ng3
exd5 9. cxd5 Nh5 10. Nxh5 gxh5 11. Bd3 f5 12. O-O Na6 13. a3 Bd7 14. Qc2 Qf6
15. Kh1 Rac8 16. Be3 c4 17. Be2 b5 18. f4 Nc5 19. e5 dxe5 20. fxe5 Qxe5 21. Bf4
Qf6 22. d6 Kh8 23. Rad1 1/2-1/2

[Event "tm FRA 1st"]
[Site "France"]
[Date "1999.??.??"]
[Round "7"]
[White "Bernard, Christophe"]
[Black "Turner, Matthew"]
[Result "1/2-1/2"]
[WhiteElo "2356"]
[BlackElo "2463"]
[Annotator "Chess XV-Nancy"]
[PlyCount "44"]
[EventDate "1999.??.??"]

1. d4 Nf6 2. Nf3 g6 3. c4 Bg7 4. Nc3 O-O 5. e4 d6 6. Be2 e5 7. O-O Nc6 8. d5
Ne7 9. Nd2 a5 10. a3 c6 11. Rb1 b5 12. b4 axb4 13. axb4 bxc4 14. dxc6 Nxc6 15.
Nxc4 Nd4 16. Bg5 Be6 17. Ne3 Rc8 18. Bxf6 Bxf6 19. Ncd5 Bg5 20. f4 exf4 21.
Qxd4 fxe3 22. Nxe3 Bxe3+ 1/2-1/2

[Event "tm FRA 1st"]
[Site "France"]
[Date "1999.??.??"]
[Round "7"]
[White "Arkell, Keith"]
[Black "Bouton, Christophe"]
[Result "1-0"]
[WhiteElo "2438"]
[BlackElo "2238"]
[Annotator "Nancy-Chess XV"]
[PlyCount "69"]
[EventDate "1999.??.??"]

1. d4 Nf6 2. Nf3 e6 3. c4 b6 4. g3 Bb7 5. Bg2 Be7 6. O-O O-O 7. Nc3 Ne4 8. Nxe4
Bxe4 9. Ne1 Bxg2 10. Nxg2 d5 11. Qa4 dxc4 12. Qxc4 c5 13. Be3 Nd7 14. Rfd1 Qc8
15. Rac1 Qb7 16. Nf4 cxd4 17. Qc7 Rab8 18. Bxd4 Nc5 19. Qe5 Bf6 20. Qe3 Bxd4
21. Rxd4 a5 22. Nh5 f6 23. Rg4 Rf7 24. b4 axb4 25. Rxb4 Qa7 26. Nf4 Re8 27. Nd5
Qxa2 28. Nxb6 Nd7 29. Ra4 Qb2 30. Nc4 Qb8 31. Ra6 Rfe7 32. Nd6 Rd8 33. Nf5 Ree8
34. Rxe6 Nf8 35. Re7 1-0

[Event "tm FRA 1st"]
[Site "France"]
[Date "1999.??.??"]
[Round "7"]
[White "Schabanel, Stephane"]
[Black "Bauer, Christian"]
[Result "0-1"]
[WhiteElo "2217"]
[BlackElo "2528"]
[Annotator "Chess XV-Nancy"]
[PlyCount "54"]
[EventDate "1999.??.??"]

1. e4 g6 2. d4 Bg7 3. Nc3 d6 4. f4 a6 5. Nf3 b5 6. Bd3 Nd7 7. e5 Bb7 8. Ne4 Nh6
9. O-O O-O 10. c3 c5 11. Be3 cxd4 12. cxd4 Nb6 13. Nf2 Qd7 14. Nh4 f5 15. exf6
exf6 16. f5 g5 17. Qh5 Qe8 18. Ng6 hxg6 19. fxg6 Qxe3 20. Rae1 Qxd4 21. Re7 Bc6
22. Bf5 Qh4 23. Be6+ Kh8 24. Qd1 Rae8 25. Rxe8 Bxe8 26. g3 Qb4 27. Qh5 Qc5 0-1

[Event "tm FRA 1st"]
[Site "France"]
[Date "1999.??.??"]
[Round "7"]
[White "Nezar, Mustapha"]
[Black "Lohou, Stephane"]
[Result "1-0"]
[WhiteElo "2275"]
[BlackElo "2179"]
[Annotator "Nancy-Chess XV"]
[PlyCount "82"]
[EventDate "1999.??.??"]

1. c4 Nf6 2. Nc3 c5 3. Nf3 Nc6 4. d4 cxd4 5. Nxd4 g6 6. g3 d6 7. Bg2 Bd7 8. Nc2
Bg7 9. O-O O-O 10. b3 d5 11. cxd5 Nxd5 12. Nxd5 Bxa1 13. Nxa1 Be6 14. e4 Rc8
15. Bb2 f6 16. Nc2 Bf7 17. Bh3 Rb8 18. Nce3 a5 19. a3 Kg7 20. Qe2 Qd6 21. Rd1
Qc5 22. Rc1 Qd6 23. Nc4 Qd8 24. Rd1 b5 25. Nce3 e5 26. Qc2 Qd6 27. Qd2 h5 28.
Kg2 Rbd8 29. Qe2 Qb8 30. Kg1 Qb7 31. Bf1 Rb8 32. g4 Rh8 33. f4 hxg4 34. Nxg4
Bxd5 35. exd5 Qa7+ 36. Qf2 Nd4 37. Rxd4 exd4 38. Bxd4 Qd7 39. Bxf6+ Kg8 40. Ne5
Qf5 41. Bxh8 Kxh8 1-0

[Event "tm FRA 1st"]
[Site "France"]
[Date "1999.??.??"]
[Round "7"]
[White "Heinis, Vincent"]
[Black "Zawadski, Stephane"]
[Result "0-1"]
[WhiteElo "2266"]
[BlackElo "2200"]
[Annotator "Chess XV-Nancy"]
[PlyCount "72"]
[EventDate "1999.??.??"]

1. d4 d5 2. c4 c6 3. Nf3 Nf6 4. g3 dxc4 5. Bg2 b5 6. O-O e6 7. Ne5 Bb7 8. Nc3
Qb6 9. e4 Be7 10. Be3 O-O 11. g4 Nfd7 12. d5 c5 13. Nxd7 Nxd7 14. dxe6 Ne5 15.
Nd5 Bxd5 16. exd5 fxe6 17. d6 Bxd6 18. Bxa8 Rxa8 19. f4 Nd3 20. Qf3 Rf8 21. Qe4
Nxb2 22. Qxe6+ Kh8 23. f5 Qd8 24. Bf4 Bxf4 25. Rxf4 Re8 26. Qc6 Nd3 27. Rd1 Qe7
28. Rdf1 Nxf4 29. Rxf4 b4 30. Qe6 Qxe6 31. fxe6 c3 32. Rf5 g6 33. Rxc5 Rxe6 34.
a3 bxa3 35. Rxc3 a2 36. Rc1 Rb6 0-1

[Event "tm FRA 1st"]
[Site "France"]
[Date "1999.??.??"]
[Round "7"]
[White "Philippe, Christophe"]
[Black "Bakus, Michel"]
[Result "1-0"]
[WhiteElo "2254"]
[BlackElo "2160"]
[Annotator "Nancy-Chess XV"]
[PlyCount "53"]
[EventDate "1999.??.??"]

1. e4 c5 2. Nf3 e6 3. c3 Nf6 4. e5 Nd5 5. d4 cxd4 6. cxd4 b6 7. Nc3 Nxc3 8.
bxc3 Qc7 9. Bd2 d6 10. Bd3 Nd7 11. O-O Bb7 12. Ng5 dxe5 13. Qh5 g6 14. Qh3 Bg7
15. Rae1 Nf8 16. Bb5+ Bc6 17. Qf3 Bxb5 18. Qxa8+ Ke7 19. Qf3 f6 20. c4 Bxc4 21.
Bb4+ Kd7 22. Nf7 Rg8 23. dxe5 Bd5 24. Qa3 a5 25. Bd6 Qb7 26. Be7 Qb8 27. exf6
1-0

[Event "tm FRA 1st"]
[Site "France"]
[Date "1999.??.??"]
[Round "7"]
[White "Guyard, Bertrand"]
[Black "Spielmann, Alain"]
[Result "1-0"]
[WhiteElo "2196"]
[BlackElo "2252"]
[Annotator "Chess XV-Nancy"]
[PlyCount "74"]
[EventDate "1999.??.??"]

1. d4 d5 2. c4 dxc4 3. Nf3 Nf6 4. e3 e6 5. Bxc4 c5 6. O-O a6 7. Bb3 Nc6 8. Qe2
cxd4 9. Rd1 Be7 10. exd4 O-O 11. Nc3 Nd5 12. Ne4 b6 13. Bd2 a5 14. Bc4 h6 15.
a3 Bd7 16. Nc3 Be8 17. Rac1 a4 18. Ba2 Na5 19. Nxd5 exd5 20. Qd3 Nb3 21. Bb1 f5
22. Rc3 Bh5 23. Bf4 Bd6 24. Be5 Bxf3 25. Qxf3 Bxe5 26. dxe5 d4 27. Rc6 Ra5 28.
e6 Re5 29. Ba2 Kh8 30. Bxb3 axb3 31. h3 Re8 32. Qxb3 b5 33. Qd3 Qd5 34. Rb6
R5xe6 35. Rxb5 Qd6 36. Rf1 Re2 37. Rb4 Qf4 1-0

[Event "tm FRA 1st"]
[Site "France"]
[Date "1999.??.??"]
[Round "7"]
[White "Muller, Veronique"]
[Black "Bonvalot, Isabelle"]
[Result "1-0"]
[WhiteElo "1870"]
[BlackElo "2000"]
[Annotator "Nancy-Chess XV"]
[PlyCount "79"]
[EventDate "1999.??.??"]

1. e4 g6 2. d4 Bg7 3. Nc3 c6 4. Bc4 d5 5. exd5 b5 6. Bb3 b4 7. Ne4 cxd5 8. Ng3
Nf6 9. Nf3 O-O 10. O-O Nc6 11. Re1 Bg4 12. c3 Rc8 13. h3 Bxf3 14. Qxf3 bxc3 15.
bxc3 Qa5 16. Bg5 Rfd8 17. Rac1 h6 18. Bf4 e6 19. h4 Qa3 20. Qe3 Na5 21. Rb1 Rc6
22. Qd2 Kh7 23. h5 g5 24. Be5 Nxb3 25. Rxb3 Qa6 26. Reb1 Rb6 27. f4 g4 28. Rxb6
axb6 29. f5 Ra8 30. fxe6 fxe6 31. Qc2+ Kh8 32. Qg6 Rf8 33. Rf1 Qa3 34. Bxf6
Rxf6 35. Rxf6 Qxc3 36. Rxe6 Qxd4+ 37. Kh2 Qc5 38. Re8+ Bf8 39. Qxh6+ Kg8 40.
Qg6+ 1-0

[Event "tm FRA 1st"]
[Site "France"]
[Date "1999.??.??"]
[Round "7"]
[White "Van Wely, Loek"]
[Black "Gofshtein, Leonid"]
[Result "1/2-1/2"]
[WhiteElo "2633"]
[BlackElo "2517"]
[Annotator "Auxerre-Noyon"]
[PlyCount "55"]
[EventDate "1999.??.??"]

1. d4 Nf6 2. c4 e6 3. Nf3 b6 4. g3 Ba6 5. b3 b5 6. cxb5 Bxb5 7. Ba3 Be7 8. Bg2
a5 9. Ne5 Ra7 10. Bxe7 Qxe7 11. Nc3 Ba6 12. O-O O-O 13. Rc1 d6 14. Nc6 Nxc6 15.
Bxc6 Rb8 16. Bg2 Rb4 17. Qd2 c5 18. dxc5 dxc5 19. Rfd1 h6 20. Qd8+ Qxd8 21.
Rxd8+ Kh7 22. e4 c4 23. e5 Nd7 24. f4 cxb3 25. axb3 Rc7 26. Ra8 Bb7 27. Bxb7
Rbxb7 28. Ne2 1/2-1/2

[Event "tm FRA 1st"]
[Site "France"]
[Date "1999.??.??"]
[Round "7"]
[White "Rechlis, Gad"]
[Black "Vaisser, Anatoly"]
[Result "1-0"]
[WhiteElo "2514"]
[BlackElo "2559"]
[Annotator "Noyon-Auxerre"]
[PlyCount "77"]
[EventDate "1999.??.??"]

1. c4 e6 2. Nf3 d5 3. d4 c6 4. g3 Bd6 5. Bg2 f5 6. O-O Nf6 7. b3 Qe7 8. Bb2 b6
9. Qc1 Bb7 10. Ba3 Bxa3 11. Nxa3 O-O 12. Qb2 Na6 13. Rac1 c5 14. Rfd1 Ne4 15.
e3 Nb4 16. cxd5 Bxd5 17. Nb5 a6 18. Nc3 Nxc3 19. Rxc3 Qb7 20. Ne1 Bxg2 21. Nxg2
Rad8 22. Qe2 Nd5 23. Rcc1 cxd4 24. Rxd4 e5 25. Rdc4 b5 26. Rc5 Rc8 27. Qb2 Rxc5
28. Rxc5 Re8 29. b4 Kh8 30. Nh4 f4 31. Nf5 Qd7 32. e4 Nf6 33. Qc2 f3 34. Rc7
Qd8 35. Nxg7 Rg8 36. Nf5 Rf8 37. h3 Qe8 38. Ne3 Qg6 39. Qc5 1-0

[Event "tm FRA 1st"]
[Site "France"]
[Date "1999.??.??"]
[Round "7"]
[White "Solozhenkin, Evgeniy"]
[Black "Bezold, Michael"]
[Result "1-0"]
[WhiteElo "2545"]
[BlackElo "2520"]
[Annotator "Auxerre-Noyon"]
[PlyCount "81"]
[EventDate "1999.??.??"]

1. d4 d6 2. e4 g6 3. Nf3 Bg7 4. Be2 Nf6 5. Nc3 O-O 6. O-O c5 7. d5 e6 8. dxe6
Bxe6 9. Be3 Nc6 10. Qd2 Qb6 11. Rab1 Rad8 12. Bg5 Nd4 13. Rfe1 Rde8 14. h3 a6
15. a3 Nxe2+ 16. Rxe2 Qc6 17. b3 Bc8 18. Rbe1 Nd7 19. Nh2 f6 20. Bh4 Ne5 21. f4
Nf7 22. Nd5 g5 23. fxg5 fxg5 24. Bxg5 Nxg5 25. Qxg5 Kh8 26. Qh4 c4 27. Kh1 Rf7
28. Nf3 h6 29. Ng5 Rff8 30. Nf3 Rf7 31. b4 c3 32. Re3 Kg8 33. Rd1 Qc4 34. Qe1
Qa2 35. Nxc3 Qxc2 36. Rd2 Qb3 37. Nb5 Qe6 38. Nxd6 Rxf3 39. Rxf3 Rd8 40. Nxc8
Rxc8 41. Rfd3 1-0

[Event "tm FRA 1st"]
[Site "France"]
[Date "1999.??.??"]
[Round "7"]
[White "Berend, Fred"]
[Black "Ikonnikov, Vyacheslav"]
[Result "1/2-1/2"]
[WhiteElo "2325"]
[BlackElo "2561"]
[Annotator "Noyon-Auxerre"]
[PlyCount "160"]
[EventDate "1999.??.??"]

1. e4 c5 2. Nf3 Nc6 3. Nc3 Nd4 4. Bc4 e6 5. O-O Ne7 6. Nxd4 cxd4 7. Ne2 Nc6 8.
c3 Bc5 9. b4 Bb6 10. Bb2 O-O 11. Bb3 dxc3 12. dxc3 d6 13. Qd2 e5 14. Rad1 Qh4
15. b5 Na5 16. Bd5 Be6 17. Ng3 Rfd8 18. Bc1 Rac8 19. Nf5 Bxf5 20. exf5 h6 21.
Kh1 e4 22. Rde1 Re8 23. g3 Qh3 24. Qf4 Re5 25. Bxe4 Rc4 26. Bg2 Rxf4 27. Bxh3
Rxf2 28. Rxe5 dxe5 29. Rxf2 Bxf2 30. Bg2 Be1 31. Bd5 Bxc3 32. Kg2 Bb4 33. Kf3
Kf8 34. f6 h5 35. fxg7+ Kxg7 36. Ke4 Kf6 37. Be3 b6 38. h4 Be1 39. Bg5+ Kg6 40.
Kxe5 Bxg3+ 41. Kd4 f6 42. Be3 Bxh4 43. Bf4 Bf2+ 44. Ke4 h4 45. Kf3 Bg3 46. Bd2
f5 47. Bc3 Kg5 48. Bxa5 bxa5 49. Bc4 Kf6 50. Bf1 Ke5 51. Bh3 f4 52. Bd7 Kd4 53.
Be6 Kd3 54. Bf5+ Kd2 55. Be6 Ke1 56. Bh3 a4 57. Bg2 Kd2 58. Bh3 Kc3 59. Be6 Kc2
60. Kg2 Kb2 61. Bd5 Kc3 62. Be6 Kd4 63. Kf3 Ke5 64. Bh3 Kd5 65. Bd7 Kc5 66. Bh3
Kxb5 67. Be6 Kb4 68. Kg4 Kc3 69. Kf3 Kd4 70. Bd7 Ke5 71. Bh3 Be1 72. Bc8 Bb4
73. Bh3 Bd6 74. Bd7 a3 75. Bh3 Kd4 76. Bf5 Kc3 77. Be6 Kb2 78. Kg4 h3 79. Kxh3
f3 80. Bd5 a6 1/2-1/2

[Event "tm FRA 1st"]
[Site "France"]
[Date "1999.??.??"]
[Round "7"]
[White "Cramling, Pia"]
[Black "Carton, Camille"]
[Result "1-0"]
[WhiteElo "2515"]
[BlackElo "2217"]
[Annotator "Auxerre-Noyon"]
[PlyCount "153"]
[EventDate "1999.??.??"]

1. d4 d5 2. Nf3 e6 3. c4 c6 4. e3 Bd6 5. Bd3 f5 6. O-O Nf6 7. b3 Qe7 8. Bb2 Ne4
9. Ne5 Bxe5 10. dxe5 Nc5 11. Be2 O-O 12. Nd2 b6 13. Ba3 Bb7 14. Qc2 Nbd7 15. f4
g5 16. Nf3 gxf4 17. exf4 Kh8 18. Nd4 Rg8 19. Rf3 Rg4 20. cxd5 cxd5 21. Bf1 a6
22. Rc1 Rc8 23. Qe2 Nb8 24. Qe3 Qd7 25. Rf2 Rgg8 26. Rfc2 Ne4 27. Nf3 b5 28.
Nd4 Rxc2 29. Rxc2 Rc8 30. Rxc8+ Qxc8 31. Qc1 Nc6 32. Bb2 Nxd4 33. Qxc8+ Bxc8
34. Bxd4 Kg7 35. Bd3 Bd7 36. Kf1 Kf7 37. Ke1 Ke7 38. Ke2 Kd8 39. Ke3 Be8 40.
Be2 h5 41. Bb6+ Kd7 42. Ba5 Kc6 43. Kd4 Nf2 44. Be1 Ne4 45. Bb4 Nf2 46. Be7 Ne4
47. Bh4 Kb6 48. Bd8+ Kc6 49. Bf1 Kd7 50. Bh4 Kc6 51. Be2 Kb6 52. Be7 Kc6 53. a4
Kb6 54. axb5 axb5 55. Bb4 Bf7 56. Bd1 Nf2 57. Bc2 Ng4 58. h3 Nf2 59. Be1 Ne4
60. Bd1 Be8 61. g4 hxg4 62. hxg4 fxg4 63. Bxg4 Bd7 64. b4 Kc6 65. Bh5 Kb6 66.
Bf7 Kc7 67. Kd3 Kc6 68. Bh4 Bc8 69. f5 exf5 70. Kd4 Nd2 71. Bxd5+ Kc7 72. Bg5
Nc4 73. Bf7 Kc6 74. Bf4 Kd7 75. Bg5 Kc6 76. e6 Nd6 77. Bf4 1-0

[Event "tm FRA 1st"]
[Site "France"]
[Date "1999.??.??"]
[Round "7"]
[White "Boudre, Jean-Pierre"]
[Black "Giua, Frederic"]
[Result "1-0"]
[WhiteElo "2389"]
[BlackElo "2145"]
[Annotator "Auxerre-Noyon"]
[PlyCount "55"]
[EventDate "1999.??.??"]

1. e4 d5 2. exd5 Qxd5 3. Nf3 Nf6 4. d4 c6 5. Be2 Bf5 6. O-O e6 7. c4 Qd8 8. Nc3
Bd6 9. h3 h6 10. Be3 a6 11. Ne5 Nbd7 12. f4 h5 13. Bf3 h4 14. Qe2 Kf8 15. a3 g6
16. b4 Nh5 17. Rfe1 f6 18. Bxh5 Rxh5 19. Ng4 Kf7 20. Nf2 Qc7 21. Qd2 Rhh8 22.
Nfe4 Be7 23. d5 cxd5 24. cxd5 Nb8 25. d6 Qc6 26. dxe7 Bxe4 27. Bd4 Bf5 28. Bxf6
1-0